El niño que enloqueció de amor
Guardat en:
| Autor principal: | |
|---|---|
| Format: | Llibre |
| Idioma: | espanyol |
| Publicat: |
Santiago
Andrés Bello
1983
|
| Edició: | 7a. ed |
| Col·lecció: | Gran Biblioteca Icarito
|
| Matèries: | |
| Etiquetes: |
Afegir etiqueta
Sense etiquetes, Sigues el primer a etiquetar aquest registre!
|
MARC
| LEADER | 00000nam a2200000 a 4500 | ||
|---|---|---|---|
| 001 | UCX9194 | ||
| 003 | CL-VaPUC | ||
| 008 | 940520e19830000CL |||||||||||||||||spa|d | ||
| 082 | 0 | 4 | |a Ch863 |b BAR |2 21 |
| 100 | 0 | |a Barrios, Eduardo |e author |9 320692 | |
| 245 | 1 | 3 | |a El niño que enloqueció de amor |
| 250 | |a 7a. ed | ||
| 300 | |a 96 p | ||
| 942 | |c BK | ||
| 945 | |d 19940520 00:00:00 |a oaravena | ||
| 260 | |a Santiago |b Andrés Bello |c 1983 | ||
| 500 | |a Incluye cuadro cronológico período de Eduardo Barrios | ||
| 650 | 0 | |a Novelas chilenas |9 265425 | |
| 650 | 0 | |a Poesías chilenas |9 265280 | |
| 583 | |a last modification |c 19940520 00:00:00 |k Rodrigo Vera | ||
| 490 | 0 | |a Gran Biblioteca Icarito | |
| 999 | |c 228507 |d 228505 | ||